[Event "4th SICC Masters"]
[Site "Singapore SIN"]
[Date "2007.12.19"]
[Round "6"]
[White "Chua Xing Jian,G"]
[Black "Teo,W"]
[Result "1/2-1/2"]
[WhiteElo "2065"]
[BlackElo "2191"]

1.c4 e5 2.g3 Nc6 3.Bg2 g6 4.Nc3 Bg7 5.e4 d6 6.Nge2 Be6 7.d3 Qd7 8.Nd5 Nce7
9.d4 c6 10.Ne3 Bh3 11.O-O Bxg2 12.Kxg2 Nf6 13.Qd3 O-O 14.d5 Nh5 15.Rd1 c5
16.Rb1 f5 17.f3 Rf7 18.Bd2 Raf8 19.Rf1 fxe4 20.fxe4 Nf4+ 21.gxf4 exf4 22.Nd1 f3+
23.Rxf3 Rxf3 24.Qxf3 Rxf3 25.Kxf3 Qh3+ 26.Ng3 Qxh2 27.Bf4 Nc8 28.Nf2 Qh4
29.b4 cxb4 30.Rxb4 b6 31.Rb1 Qf6 32.Ng4 Qc3+ 33.Ne3 h5 34.Rg1 Kh7 35.e5 dxe5
36.Ne4 Qd4 37.Rd1 Qb2 38.Bg3 Ne7 39.d6 Nf5 40.Ng5+ Kg8 41.d7 e4+ 42.Nxe4 Nd4+
43.Rxd4 Qxd4 44.Nd5 Qd3+ 45.Kf4 Bh6+ 46.Ke5 Bg7+ 47.Nef6+ Kf7 48.d8=N+  1/2-1/2

[Event "4th SICC Masters"]
[Site "Singapore SIN"]
[Date "2007.12.21"]
[Round "9"]
[White "Chua Xing Jian,G"]
[Black "Neubronner,J"]
[Result "1/2-1/2"]
[WhiteElo "2065"]
[BlackElo "2097"]

1.c4 e5 2.g3 Nf6 3.Bg2 Nc6 4.Nc3 Bb4 5.Nd5 Bc5 6.e3 d6 7.Ne2 Nxd5 8.cxd5 Ne7
9.d4 Bb6 10.O-O O-O 11.dxe5 dxe5 12.Nc3 a6 13.Qe2 Nf5 14.b3 Nd6 15.Bb2 Re8
16.Rac1 Bd7 17.Kh1 e4 18.Qc2 Qe7 19.Rfd1 Rac8 20.Ba3 Bg4 21.Re1 Bf3 22.Bxf3 exf3
23.Bxd6 cxd6 24.Qf5 Ba5 25.Na4 g6 26.Qxc8 Rxc8 27.Rxc8+ Kg7 28.Rd1 Qe5 29.Rc2 Qf5
30.Rcc1 Qh3 31.Rg1 Qf5 32.Rgd1 Qh3 33.Rg1 Qf5 34.Rgd1  1/2-1/2

[Event "16th Donau Open"]
[Site "Aschach Donau AUT"]
[Date "2007.12.26"]
[Round "1"]
[White "Horvath,Jo1"]
[Black "Binder,M"]
[Result "1/2-1/2"]
[WhiteElo "2519"]
[BlackElo "2079"]

1.c4 e5 2.g3 Nf6 3.Bg2 d5 4.cxd5 Nxd5 5.Nc3 Nb6 6.Nf3 Nc6 7.O-O Be7 8.Rb1 a5
9.a3 f6 10.d3 Be6 11.Be3 O-O 12.d4 exd4 13.Nxd4 Nxd4 14.Qxd4 Qxd4 15.Bxd4 c5
16.Be3 Nc4 17.Bxb7 Nxe3 18.Bxa8 Nxf1 19.Bd5 Bxd5 20.Nxd5 Nxg3 21.hxg3 Kf7
22.Rc1 Bd6 23.Kg2 Rb8 24.Ne3 Ke6 25.Nc4 Rb3 26.e3 f5 27.Kf3 h5 28.Ke2 Be7
29.Rd1 g5 30.Kd2 Rb8 31.Ke2 Rb3 32.Kf3 a4 33.Rh1 Kd5 34.Rc1 Ke6 35.Rc2 Bf6
36.Rd2 Be7 37.Rd1 Rb8 38.Rd3 h4 39.gxh4 gxh4 40.Rd1 Rb3 41.Kf4 Rb7 42.e4 fxe4
43.Kxe4 Bf6 44.Rd6+ Ke7 45.Rd5 Bxb2 46.Rxc5 Rb3  1/2-1/2

[Event "ASEAN Masters Circuit GMB"]
[Site "Tarakan INA"]
[Date "2008.01.09"]
[Round "2"]
[White "Gonzales,Jay"]
[Black "Sukandar,I"]
[Result "1-0"]
[WhiteElo "2455"]
[BlackElo "2266"]

1.c4 e5 2.g3 Nf6 3.Bg2 Nc6 4.Nc3 Bb4 5.Nd5 Bc5 6.e3 d6 7.Ne2 Bf5 8.d4 exd4
9.exd4 Bb6 10.Bg5 Ba5+ 11.Nec3 O-O 12.O-O Re8 13.Qd2 Bg6 14.Rfe1 Re6 15.Bh3 Re4
16.Nxf6+ gxf6 17.Be3 Re8 18.a3 Bxc3 19.Qxc3 d5 20.c5 Ne7 21.Bf4 Be4 22.Re2 Bf5
23.Bg2 Be6 24.Qb4 Rb8 25.Qa5 Nc6 26.Qd2 Qd7 27.Rae1 Ne7 28.h3 b6 29.cxb6 Rxb6
30.g4 Reb8 31.b4 Ra6 32.Re3 Ng6 33.Bg3 f5 34.Rc3 Rc8 35.Rec1 fxg4 36.h4 Qd8
37.b5 Ra4 38.h5 Nh4 39.Rxc7 Rxc7 40.Bxc7 Qe7 41.Be5 Rxa3 42.Qh6 Nf5 43.Qf4 Qh4
44.Bxd5 h6 45.Bg2 Qxh5 46.d5 Bd7 47.Bb2 Rc3 48.Qb8+ Kh7 49.Qh8+ Kg6 50.Qg8+  1-0

[Event "Open A"]
[Site "Prague CZE"]
[Date "2008.01.11"]
[Round "1"]
[White "Heikkila,A"]
[Black "Roy Chowdhury,S"]
[Result "0-1"]
[WhiteElo "2042"]
[BlackElo "2418"]

1.c4 e5 2.g3 Nc6 3.Bg2 Nf6 4.Nf3 Bc5 5.O-O O-O 6.Nxe5 Bxf2+ 7.Rxf2 Nxe5 8.c5 d6
9.cxd6 Qxd6 10.d4 Neg4 11.Rf1 Nd5 12.Qd3 c5 13.Nc3 Nb4 14.Bf4 Qxf4 15.Rxf4 Nxd3
16.exd3 g5 17.Rxg4 Bxg4 18.dxc5 Rad8 19.Bxb7 Rxd3 20.Ba6 Rd4 21.a3 f5 22.Rc1 f4
23.gxf4 gxf4 24.c6 f3 25.c7 Rd2 26.Bf1 Bc8 27.Nb5 Kg7 28.Nxa7 f2+  0-1

[Event "115th ch-NZL"]
[Site "Auckland NZL"]
[Date "2008.01.19"]
[Round "7"]
[White "Dive,RJ"]
[Black "Ker,A"]
[Result "1-0"]
[WhiteElo "2341"]
[BlackElo "2330"]

1.c4 e5 2.g3 f5 3.Bg2 Nf6 4.Nc3 Be7 5.Rb1 Nc6 6.a3 a5 7.d3 O-O 8.e3 Kh8 9.Nge2 Qe8
10.Nd5 Nxd5 11.Bxd5 Qh5 12.Bg2 Nd8 13.O-O Ne6 14.b4 g5 15.Bb2 Bf6 16.d4 e4
17.d5 Ng7 18.d6 axb4 19.axb4 Bxb2 20.Rxb2 Rf6 21.c5 cxd6 22.cxd6 Qg6 23.Rd2 Ne8
24.Qc2 Rxd6 25.Nd4 g4 26.Qb2 Ng7 27.Ra1 Rda6 28.Rc1 Rc6 29.Nxc6 bxc6 30.b5 cxb5
31.Qxb5 Qa6 32.Qxa6 Bxa6 33.Ra2 Ne8 34.Bf1 Rc8 35.Rxc8 Bxc8 36.Ra8 Nd6 37.Ba6  1-0

[Event "115th ch-NZL"]
[Site "Auckland NZL"]
[Date "2008.01.19"]
[Round "7"]
[White "Dowden,A"]
[Black "Watson,B"]
[Result "1-0"]
[WhiteElo "2170"]
[BlackElo "2293"]

1.c4 e5 2.g3 Nf6 3.Bg2 Nc6 4.Nc3 Bb4 5.Nd5 Bc5 6.e3 O-O 7.a3 a5 8.Ne2 Ba7
9.O-O d6 10.d3 Ne7 11.Nxf6+ gxf6 12.Nc3 f5 13.f4 f6 14.Kh1 c6 15.b3 Be6 16.d4 Qc7
17.Ra2 Rad8 18.Re1 Bf7 19.Bf3 Qb8 20.d5 Kg7 21.Rd2 e4 22.Bxe4 fxe4 23.Nxe4 cxd5
24.Nxf6 Kxf6 25.Bb2+ d4 26.Qg4 Bg6 27.exd4 Nf5 28.d5+ Kf7 29.Qg5 Kg8 30.Re6 Qc7
31.g4 Qf7 32.Rf6 Qe7 33.Re2 Be3 34.Rxe3 Qg7 35.gxf5 Rxf6 36.Bxf6  1-0

[Event "115th ch-NZL"]
[Site "Auckland NZL"]
[Date "2008.01.20"]
[Round "8"]
[White "Dive,RJ"]
[Black "Chandler,M"]
[Result "0-1"]
[WhiteElo "2341"]
[BlackElo "2540"]

1.c4 e5 2.g3 d6 3.Bg2 f5 4.Nc3 Nf6 5.Rb1 Be7 6.b4 O-O 7.d3 Kh8 8.Nf3 c6 9.O-O Qe8
10.Qc2 Qh5 11.c5 f4 12.cxd6 Bxd6 13.Rd1 fxg3 14.hxg3 Ng4 15.Ne4 Be7 16.Bg5 Bxg5
17.Nexg5 Bf5 18.Ne4 Nd7 19.Nd6 Be6 20.Nxb7 Bd5 21.Rb2 Rxf3 22.exf3 Nh2 23.g4 Qh4
24.Qe2 Rf8 25.f4 Rxf4 26.f3 Nxf3+ 27.Bxf3 Bxf3  0-1

[Event "Winter Open"]
[Site "Belgrade SRB"]
[Date "2008.01.22"]
[Round "1"]
[White "Lorens Ristovic,L"]
[Black "Nestorovic,N"]
[Result "0-1"]
[WhiteElo "2103"]
[BlackElo "2421"]

1.c4 e5 2.g3 Nc6 3.Bg2 f5 4.e3 Nf6 5.Nc3 d5 6.cxd5 Nb4 7.d3 Nfxd5 8.Nxd5 Nxd5
9.a3 c6 10.Nf3 Bd6 11.O-O Qe7 12.b3 Nf6 13.Bb2 O-O 14.Qc2 Bd7 15.d4 e4 16.Nd2 b5
17.Rfc1 h5 18.Qd1 h4 19.b4 Rac8 20.Qe2 Be6 21.Rc2 Ng4 22.Rac1 Bd5 23.Rc3 Qe6
24.R1c2 Qh6 25.Nf1 Nf6 26.Nd2 Rf7 27.Rc1 g5 28.Rc5 Rcc7 29.R1c2 Rh7 30.Nf1 Rhg7
31.Nd2 f4 32.exf4 gxf4 33.Nxe4 Nxe4 34.Bxe4 Bxe4 35.Qxe4 Rce7 36.Re5 Bxe5
37.dxe5 hxg3 38.hxg3 fxg3 39.f4 g2 40.Rxg2 Rxg2+ 41.Kxg2 Rg7+ 42.Kf1 Qh3+
43.Ke1 Rg1+  0-1

[Event "Winter Open"]
[Site "Belgrade SRB"]
[Date "2008.01.27"]
[Round "6"]
[White "Chelushkina,I"]
[Black "Andrejic,V"]
[Result "1/2-1/2"]
[WhiteElo "2357"]
[BlackElo "2269"]

1.c4 e5 2.g3 Nc6 3.Bg2 f5 4.Nc3 Nf6 5.d3 Bb4 6.a3 Bxc3+ 7.bxc3 O-O 8.a4 d6
9.a5 Bd7 10.a6 b6 11.Nf3 Qe8 12.O-O Qh5 13.e3 Rae8 14.Nd2 Qh6 15.Re1 f4 16.Nf1 g5
17.d4 Ne7 18.dxe5 dxe5 19.exf4 exf4 20.h4 Ng6 21.Rxe8 Bxe8 22.hxg5 Qxg5 23.Qd4 c5
24.Qd6 Ng4 25.Qd5+ Qxd5 26.Bxd5+ Kg7 27.Ra2 fxg3 28.Nxg3 Nf4 29.Bxf4 Rxf4
30.Rb2 Bg6 31.Re2 Kf8 32.Re6 Rf6 33.Re2 Bd3 34.Rd2 Ne5 35.Kg2 Bxc4 36.Bxc4 Nxc4
37.Rd8+ Ke7 38.Ra8 Rf8 39.Rxa7+ Kd6 40.Rxh7 Ra8 41.a7 Na5 42.Nf5+ Ke6 43.Ne3 b5
44.Rh6+ Ke5 45.Ra6 Nb7 46.Kf3 Nd6 47.Ke2 Nc8 48.Rc6 Nxa7 49.Rxc5+ Kd6 50.Rd5+ Ke6
51.f4 Rb8 52.Rh5 Nc6 53.Rh6+ Kd7 54.Rh7+ Ke6 55.f5+ Ke5 56.Rh6 Nd8 57.Rh4 Nc6
58.Rh6 Nd8 59.Ra6 b4 60.Ra5+ Kf6 61.cxb4 Kg5 62.Rd5 Nc6 63.b5 Rxb5 64.Rd6 Ne5
65.f6 Rb2+ 66.Kd1 Rf2 67.Rd5 Kxf6 68.Rxe5 Rd2+ 69.Kxd2  1/2-1/2

[Event "6th ch-PriFO Men"]
[Site "Kazan RUS"]
[Date "2008.01.27"]
[Round "5"]
[White "Pushkin,E"]
[Black "Triapkin,P"]
[Result "0-1"]
[WhiteElo "2185"]
[BlackElo "2350"]

1.c4 e5 2.g3 Nf6 3.Bg2 c6 4.Nf3 e4 5.Nd4 d5 6.Qc2 Qb6 7.e3 Nbd7 8.f4 Nc5
9.O-O h5 10.h3 h4 11.g4 Nxg4 12.hxg4 h3 13.Bf3 exf3 14.Nxf3 Bxg4 15.cxd5 cxd5
16.Nc3 Rh5 17.Kh2 Qa6 18.d3 Nxd3 19.Bd2 Rc8 20.a3 Be7 21.Ne1 Nb4 22.Qa4+ Qxa4
23.Nxa4 Nc2 24.Rc1 Nxe1 25.Rfxe1 Rc4 26.b3 Rc6 27.Rxc6 bxc6 28.Rg1 f5 29.Rc1 Rh6
30.b4 g5 31.Nc5 gxf4 32.exf4 Bxc5 33.Rxc5 Re6  0-1

[Event "13th HIT Open A"]
[Site "Nova Gorica SLO"]
[Date "2008.01.28"]
[Round "4"]
[White "Srebrnic,V"]
[Black "Bontempi,P"]
[Result "0-1"]
[WhiteElo "2218"]
[BlackElo "2375"]

1.c4 e5 2.g3 Nf6 3.Bg2 Nc6 4.Nc3 Bc5 5.Nf3 d6 6.O-O a6 7.d3 h6 8.a3 O-O 9.b4 Ba7
10.h3 Be6 11.Kh2 Nd7 12.Ne1 f5 13.e3 Rb8 14.Nc2 Ne7 15.a4 c6 16.Qe2 d5 17.f4 dxc4
18.dxc4 Qe8 19.Bb2 Qf7 20.Na3 a5 21.b5 Rbd8 22.Rfd1 Bb8 23.Bf1 h5 24.h4 Nf6
25.Rxd8 Rxd8 26.Rd1 Re8 27.Bh3 Ng6 28.Qc2 Bc7 29.Ne2 Ne4 30.Bg2 Nf2 31.bxc6 Ng4+
32.Kh1 bxc6 33.Qb3 Nf2+ 34.Kh2 Nxd1 35.Qxd1 Rd8 36.Qe1 exf4 37.Nxf4 Nxf4
38.gxf4 Qe7 39.Qc1 Bxf4+ 40.Kh1 Qxh4+  0-1

[Event "6th Gibtelecom Masters"]
[Site "Gibraltar ENG"]
[Date "2008.01.30"]
[Round "9"]
[White "Kozlov,O"]
[Black "Jakobsen,O"]
[Result "1-0"]
[WhiteElo "2144"]
[BlackElo "2372"]

1.c4 e5 2.g3 Nf6 3.Bg2 d5 4.cxd5 Nxd5 5.Nc3 Nb6 6.Nf3 Nc6 7.O-O Be7 8.a3 Be6
9.d3 O-O 10.Be3 f6 11.Rc1 Qd7 12.Re1 Nd4 13.Bxd4 exd4 14.Ne4 c6 15.Nc5 Bxc5
16.Rxc5 Rad8 17.Qd2 Rfe8 18.Qc2 Bd5 19.b4 Qf7 20.Rb1 a6 21.Qd1 Nd7 22.Rcc1 Ne5
23.Ne1 Qh5 24.Rb2 Bxg2 25.Kxg2 Qg6 26.a4 Rd5 27.Rc5 Qf7 28.Qb3 Red8 29.h3 h5
30.Rxd5 Rxd5 31.Nf3 Nxf3 32.exf3 Qe6 33.b5 axb5 34.axb5 cxb5 35.Re2 Qd6 36.Re7 Qxe7
37.Qxd5+ Qf7 38.Qxd4 Qb3 39.Qd8+ Kh7 40.d4 b4 41.Qa5 Kg6 42.g4 hxg4 43.hxg4 Kh7
44.Qh5+ Kg8 45.Qe8+ Kh7 46.Qe4+ Kg8 47.Qxb7 Qc4 48.d5 Qd3 49.Qb8+ Kh7 50.Qxb4 Qxd5
51.Qe4+ Qxe4 52.fxe4 g5 53.Kf3 Kg6 54.e5  1-0

[Event "6th Gibtelecom Masters"]
[Site "Gibraltar ENG"]
[Date "2008.01.30"]
[Round "9"]
[White "Aagedal,G"]
[Black "Helin,M"]
[Result "0-1"]
[WhiteElo "1839"]
[BlackElo "1935"]

1.c4 e5 2.g3 Nc6 3.Bg2 g6 4.Nc3 Bg7 5.e4 d6 6.Nge2 Be6 7.Nd5 Qd7 8.d3 Rc8
9.O-O h5 10.h4 Kf8 11.Be3 Nh6 12.f3 Nd8 13.Bg5 Ng8 14.f4 c6 15.Ndc3 Nh6 16.Qd2 Kg8
17.d4 exd4 18.Nxd4 Bxc4 19.f5 c5 20.f6 Bf8 21.Nde2 Ng4 22.Nd5 Nc6 23.Bf4 Nd4
24.Nxd4 Bxf1 25.Nf3 Bxg2 26.Kxg2 Rd8 27.Bg5 Qc6 28.Re1 Ne5 29.Ng1 b5 30.Qa5 Qd7
31.b3 c4 32.bxc4 Nxc4 33.Qb4 Ne5 34.Re3 a5 35.Qe1 b4 36.Qd1 Nc4 37.Re2 Na3
38.Qb3 Nb5 39.Qd3 Nc7 40.Nf4 Ne6 41.Ngh3 Nc5 42.Qc4 Kh7 43.Nd5 Ne6 44.Nhf4 Rc8
45.Qd3 Nxf4+ 46.Bxf4 Qc6 47.Qf3 Kg8 48.Rf2 Rh7 49.Bg5 Rb8 50.Qb3 a4 51.Qe3 b3
52.axb3 axb3 53.Rb2 Qc5 54.Qd2 Qc4 55.Kf3 Qf1+ 56.Qf2 Qa1 57.Kg2 Qa4 58.Qe2 Rh8
59.Bf4 Rc8 60.Kf3 Kh7 61.Qd3 Rb8 62.Ke3 Bh6 63.Bg5 Rhc8 64.Ne7 Qa7+ 65.Kf4 Bxg5+
66.hxg5 Qd7 67.Qf3 Rc2 68.Rb1 Qe6 69.Rd1 Qe5+ 70.Ke3 Rb4 71.g4 Rc3+ 72.Rd3 Qxg5+
73.Kf2 Rc2+ 74.Kg3 Qe5+ 75.Qf4 h4+ 76.Kf3 Rf2+ 77.Kxf2 Qxf4+ 78.Rf3 Qd2+
79.Kg1 Rc4  0-1

[Event "FSGM February"]
[Site "Budapest HUN"]
[Date "2008.02.09"]
[Round "8"]
[White "Nguyen Huynh Minh Huy"]
[Black "Porat,I"]
[Result "0-1"]
[WhiteElo "2398"]
[BlackElo "2272"]

1.c4 e5 2.g3 Nf6 3.Bg2 d5 4.cxd5 Nxd5 5.d3 Nc6 6.Nf3 Be7 7.O-O Be6 8.a3 a5
9.b3 O-O 10.Bb2 f6 11.Qc2 Qd7 12.Nbd2 Rad8 13.Rfd1 Nb6 14.Rac1 Rfe8 15.Ne4 Bd5
16.Nfd2 Nd4 17.Bxd4 exd4 18.Nc4 f5 19.Ned2 Bxg2 20.Kxg2 Nd5 21.Re1 Bg5 22.Qb2 Nc3
23.e3 dxe3 24.fxe3 Nd5 25.Nf1 b5 26.Ne5 Rxe5  0-1

[Event "TCh-FIN 2007-8"]
[Site "Finland FIN"]
[Date "2008.02.09"]
[Round "6"]
[White "Maki,V"]
[Black "Paasikangas,J"]
[Result "1-0"]
[WhiteElo "2414"]
[BlackElo "2287"]

1.c4 e5 2.g3 Nf6 3.Bg2 Nc6 4.Nf3 d6 5.Nc3 Be6 6.d4 exd4 7.Nxd4 Nxd4 8.Qxd4 c6
9.O-O Qb6 10.Qxb6 axb6 11.b3 Nd7 12.Rd1 Be7 13.Bf4 Bf6 14.Rac1 Be5 15.Rd2 Ke7
16.Bg5+ f6 17.Be3 f5 18.f4 Bxc3 19.Rxc3 Nc5 20.Bd4 Rhg8 21.Re3 g6 22.Bxc5 bxc5
23.Bd5 cxd5 24.cxd5 Ra3 25.Rxe6+ Kd7 26.e4 fxe4 27.Rxe4 b5 28.Rde2 Rg7 29.Kg2 Ra8
30.a4 bxa4 31.bxa4 Rb8 32.a5 Rb5 33.Ra2 Rg8 34.a6 Ra8 35.f5 gxf5 36.Rh4 Ke7
37.Rxh7+ Kf6 38.Re2 Kg6 39.Rd7  1-0

[Event "TCh-FIN 2007-8"]
[Site "Finland FIN"]
[Date "2008.02.10"]
[Round "7"]
[White "Hentunen,A"]
[Black "Hynninen,J"]
[Result "1-0"]
[WhiteElo "2331"]
[BlackElo "2137"]

1.c4 e5 2.g3 Nc6 3.Bg2 g6 4.Nc3 Bg7 5.Rb1 d6 6.b4 f5 7.d3 Nf6 8.Nf3 O-O 9.Qb3 h6
10.c5+ Kh7 11.cxd6 cxd6 12.b5 Ne7 13.O-O Ne8 14.Ba3 Rf6 15.Qb4 Rf7 16.Nd2 d5
17.Qb3 Be6 18.Bxe7 Rxe7 19.Bxd5 Bxd5 20.Nxd5 Rd7 21.Nb4 Rc8 22.Rfc1 Rdc7
23.Rxc7 Qxc7 24.Nc4 e4 25.b6 axb6 26.Nd5 Qc5 27.Ndxb6 Rd8 28.dxe4 fxe4 29.Na4 Qd5
30.Nc3 Qd4 31.Rd1 Qf6 32.Rxd8 Qxd8 33.Nxe4 Qe7 34.Qd3 b5 35.Ne3 Nc7 36.Kg2 Qe6
37.Qc2 Na6 38.f3 Nb4 39.Qb3 Qxb3 40.axb3 Nc6 41.Nc2 Kg8 42.b4 Bb2 43.f4 Kf8
44.Nd6 Na7 45.e4 Ke7 46.e5 Ke6 47.Kf3 Kd5 48.Ke3 h5 49.Kd3 Bxe5 50.fxe5 Kxe5
51.Nf7+ Kf5 52.Ne3+ Kf6 53.Nd8 Ke5 54.h4 Nc8 55.Nc6+ Kf6 56.Kd4 Nd6 57.Kd5 Ne8
58.Kc5 Ke6 59.Nd4+ Ke5 60.Nxb5 Ng7 61.Nd4 Ke4 62.b5 Kxe3 63.b6 Ne8 64.Ne6 Nf6
65.Kc6 Kf3 66.Nf4  1-0

[Event "10th TCh-Euro sen"]
[Site "Dresden GER"]
[Date "2008.02.16"]
[Round "6"]
[White "Sorensen,B"]
[Black "Zakharov,AI"]
[Result "0-1"]
[WhiteElo "2228"]
[BlackElo "2427"]

1.g3 e5 2.c4 Nf6 3.Nc3 c6 4.d4 exd4 5.Qxd4 d5 6.e4 Nxe4 7.Nxe4 dxe4 8.Qxe4+ Be6
9.Bd2 Bc5 10.Nf3 Nd7 11.O-O-O Qb6 12.Bh3 Nf6 13.Qh4 Bxh3 14.Qxh3 O-O 15.Bc3 Ne4
16.Bxg7 Nxf2 17.Qf5 Be3+ 18.Kb1 Kxg7 19.Ng5 Qc5 20.Qxh7+ Kf6 21.Ne4+ Nxe4
22.Qxe4 Rae8 23.Rhf1+ Kg7 24.Qg4+ Qg5 25.Qf3 Re6 26.Rd7 Qg6+ 27.Ka1 Bg5 28.Rxb7 Rf6
29.Qc3 Rd8 30.a3 Rd3 31.Qe5 Re3 32.Qd4 c5 33.Qd1 Qe4 34.Rxf6 Bxf6  0-1

[Event "2nd Int Open Congress"]
[Site "Brentwood ENG"]
[Date "2008.02.17"]
[Round "4"]
[White "Hanreck,A"]
[Black "Rowson,J"]
[Result "0-1"]
[WhiteElo "2268"]
[BlackElo "2580"]

1.c4 e5 2.g3 Nc6 3.Bg2 Bc5 4.Nc3 a6 5.e3 d6 6.Nge2 Nge7 7.O-O O-O 8.d4 Ba7
9.d5 Nb8 10.b4 Nd7 11.Kh1 h5 12.e4 h4 13.Qd3 a5 14.a3 Bb6 15.Be3 Bxe3 16.Qxe3 hxg3
17.fxg3 c6 18.c5 axb4 19.axb4 Rxa1 20.Rxa1 Nf6 21.cxd6 Qxd6 22.Qc5 Rd8 23.h3 g6
24.Kh2 Kg7 25.Qxd6 Rxd6 26.g4 Ne8 27.dxc6 Rxc6 28.Rc1 Be6 29.Nd5 Bxd5 30.exd5 Rxc1
31.Nxc1 f5 32.Kg3 Kf6 33.Ne2 e4 34.gxf5 gxf5 35.Nf4 Ke5 36.h4 Nf6 37.h5 Nfxd5
38.Nxd5 Nxd5 39.h6 Kf6 40.Bh3 Ne7 41.Kf4 Ng6+ 42.Ke3 Nf8 43.Bg2 Ke5 44.Bh3 Nh7
45.Bf1 f4+ 46.Kd2 Nf6 47.Bh3 b6 48.b5 Nh7 49.Bd7 Ng5 50.Bg4 Kf6 51.Bh5 Nh7
52.Bd1 Kg6 53.Bc2 Nf6 54.Kc3 Kxh6 55.Kd4 f3 56.Ke3 Kg5  0-1

[Event "TCh-HUN 2007-8"]
[Site "Budapest HUN"]
[Date "2008.02.17"]
[Round "6"]
[White "Berkes,F"]
[Black "Medvegy,Z"]
[Result "1/2-1/2"]
[WhiteElo "2606"]
[BlackElo "2512"]

1.c4 e5 2.g3 Nc6 3.Bg2 f5 4.Nc3 Nf6 5.e3 d5 6.cxd5 Nb4 7.d3 Nfxd5 8.Nxd5 Nxd5
9.Nf3 Bd6 10.O-O Nf6 11.Qb3 Qe7 12.Nd2 Rb8 13.Nc4 a6 14.Bd2 Be6 15.Qa4+ b5
16.Nxd6+ Qxd6 17.Qa5 O-O 18.Rfc1 c5 19.d4 Ne4 20.Be1 exd4  1/2-1/2

[Event "TCh-HUN 2007-8"]
[Site "Budapest HUN"]
[Date "2008.02.17"]
[Round "6"]
[White "Mate,L"]
[Black "Szalai,K"]
[Result "1/2-1/2"]
[WhiteElo "2371"]
[BlackElo "2303"]

1.c4 e5 2.g3 Nc6 3.Bg2 g6 4.Nc3 Bg7 5.e4 Nge7 6.Nge2 O-O 7.d3 d6 8.O-O Be6
9.Nd5 Qd7 10.Bg5 f6 11.Be3 f5 12.Qd2 Rf7 13.d4 f4 14.gxf4 exd4 15.Nxd4 Nxd4
16.Bxd4 Nxd5 17.exd5 Bh3 18.f3 Bh6 19.Be3 Bf5 20.Bf2 Raf8 21.Bg3 Qd8 22.Rae1 Qf6
23.b3 Bg7 24.Rd1 b6 25.Rfe1 a5 26.Re2 Re7 27.Rxe7 Qxe7 28.Re1 Qd7 29.Qe3 Kf7
30.Qd2 Re8 31.Bf1 Rxe1 32.Bxe1 Qe7 33.Bf2 Qf6 34.Bd3 Bh3 35.f5 Bxf5 36.Bxf5 Qxf5
37.Qe2 Be5 38.Kg2 Qg5+ 39.Bg3 Bxg3 40.hxg3  1/2-1/2

[Event "Open"]
[Site "Blackpool ENG"]
[Date "2008.03.09"]
[Round "4"]
[White "Wolstencroft,D"]
[Black "Whyte,B"]
[Result "1/2-1/2"]
[WhiteElo "2173"]
[BlackElo "2153"]

1.c4 e5 2.g3 Nf6 3.Bg2 c6 4.e3 d5 5.cxd5 cxd5 6.Ne2 Nc6 7.d4 Be7 8.O-O exd4
9.Nxd4 Bg4 10.Qd3 Qd7 11.Nc3 O-O 12.a3 Rac8 13.Nxc6 bxc6 14.b4 Rfd8 15.Na4 Bf5
16.Qa6 Ne4 17.f3 Nd6 18.Nc5 Qc7 19.e4 Bf6 20.Ra2 Bg6 21.Bf4 Bd4+ 22.Kh1 Qb6
23.Qxb6 axb6 24.Nb3 Bc3 25.Rd1 Nc4 26.exd5 cxd5 27.Bh3 f5 28.Bf1 d4 29.Bg5 Rd7
30.Nc5 bxc5 31.Bxc4+ Bf7 32.Bxf7+ Kxf7 33.bxc5  1/2-1/2

[Event "Open"]
[Site "Blackpool ENG"]
[Date "2008.03.09"]
[Round "4"]
[White "Peacock,M"]
[Black "Jowett,P"]
[Result "1/2-1/2"]
[WhiteElo "2097"]
[BlackElo "2190"]

1.c4 e5 2.g3 Nf6 3.Bg2 c6 4.d4 exd4 5.Qxd4 d5 6.cxd5 cxd5 7.Nf3 Nc6 8.Qa4 Be7
9.O-O O-O 10.Be3 Be6 11.Nbd2 a6 12.Nd4 Rc8 13.Rac1 Ne5 14.Nxe6 fxe6 15.Bh3 Qd6
16.Bf4 Nfd7 17.Qd4 g5 18.Bxg5 Rxc1 19.Rxc1 Bxg5 20.Ne4 Qe7 21.Nxg5 Qxg5 22.Bxe6+ Nf7
23.f4 Qe7 24.Qxd5 Nf6 25.Qe5 Re8  1/2-1/2

[Event "TCh-FIN 2007-8"]
[Site "Finland FIN"]
[Date "2008.03.09"]
[Round "9"]
[White "Valkesalmi,K"]
[Black "Issakainen,A"]
[Result "1-0"]
[WhiteElo "2349"]
[BlackElo "2237"]

1.c4 e5 2.g3 g6 3.Bg2 Bg7 4.Nc3 Nc6 5.e4 d6 6.Nge2 Be6 7.d3 Qd7 8.h3 f5 9.Nd5 Nd8
10.exf5 gxf5 11.d4 c6 12.Ne3 Ne7 13.f4 Ng6 14.fxe5 dxe5 15.d5 cxd5 16.cxd5 Bf7
17.O-O f4 18.gxf4 exf4 19.Nxf4 Nxf4 20.Rxf4 O-O 21.Nf5 Bg6 22.Nxg7 Qxg7 23.Qd4 Nf7
24.Qxg7+ Kxg7 25.Be3 Rfe8 26.Bd4+ Kg8 27.Rc1 Rac8 28.Rxc8 Rxc8 29.Bxa7 Ra8
30.Ra4 Nd6 31.b3 b5 32.Ra5 Bf5 33.Bb6 Rc8 34.Be3 Rc3 35.Bf4 Ne4 36.Rxb5 Rd3
37.d6 Bg6 38.Bf1 Rd1 39.Rd5 Ra1 40.d7  1-0

[Event "40th WGM"]
[Site "Belgrade SCG"]
[Date "2008.03.10"]
[Round "8"]
[White "Foisor,C"]
[Black "Chelushkina,I"]
[Result "1/2-1/2"]
[WhiteElo "2412"]
[BlackElo "2357"]

1.c4 e5 2.g3 Nf6 3.Bg2 Be7 4.Nc3 d6 5.Nf3 c6 6.O-O O-O 7.d3 h6 8.Rb1 a5 9.a3 Be6
10.e4 Nbd7 11.Nh4 Re8 12.Nf5 Bf8 13.Ne3 Nb6 14.Re1 Qc7 15.b3 Rad8 16.Bb2 d5
17.exd5 cxd5 18.Nb5 Qb8 19.Qd2 dxc4 20.Qxa5 Bc5 21.b4 Bxe3 22.Rxe3 Nfd7 23.d4 Bf5
24.Rc1 f6 25.d5 Bd3 26.d6 Re6 27.h4 Kh8 28.Bd4 exd4 29.Rxe6 Bf5 30.Nxd4 Bxe6
31.Nxe6 Re8 32.Nc7 Re5 33.b5 f5 34.Qc3 Qf8 35.Qd4 Qf6 36.Kh2 f4 37.Rf1 Nc5
38.Qxf4 Qxd6 39.Qf7 c3 40.Ne8 Qe7 41.Qxe7 Rxe7 42.Nd6 c2 43.Nf5 Re2 44.Ne3 Nd3
45.Nxc2 Rxc2 46.Bxb7 Nxf2 47.Kg1 Nh3+ 48.Kh1 g5 49.hxg5 Nf2+ 50.Kg1 Nh3+
51.Kh1 Nf2+ 52.Kg2 Ng4+ 53.Kg1 hxg5 54.Be4 Rc3 55.Rf3 Rxf3 56.Bxf3 Ne3 57.Be2 Kg7
58.Kf2 Ned5 59.Bf3 Nc3 60.Bc6 Kf6 61.Ke3 Ke5 62.Kd3 Nca4 63.Kc2 Kd4 64.Kb3 Ke3
65.Kb4 Kf2 66.Be4 Kxg3 67.Bc2 Nb2 68.a4 Nd5+ 69.Kc5 Nxa4+ 70.Kxd5  1/2-1/2

[Event "TCh-HUN 2007-8"]
[Site "Budapest HUN"]
[Date "2008.03.16"]
[Round "8"]
[White "Kaposztas,M"]
[Black "Barva,A"]
[Result "1/2-1/2"]
[WhiteElo "2183"]
[BlackElo "2390"]

1.c4 e5 2.g3 Nc6 3.Bg2 g6 4.Nc3 Bg7 5.e3 d6 6.Nge2 Nf6 7.O-O O-O 8.d4 exd4
9.exd4 Re8 10.h3 h6 11.Be3 Ne7 12.g4 h5 13.g5 Nh7 14.Qd2 c6 15.f4  1/2-1/2

[Event "SCT Ladies Open"]
[Site "Stockholm SWE"]
[Date "2008.03.21"]
[Round "3"]
[White "Lundina,A"]
[Black "Zatonskih,A"]
[Result "0-1"]
[WhiteElo "2213"]
[BlackElo "2458"]

1.c4 e5 2.g3 d6 3.Bg2 g6 4.e3 Bg7 5.Nc3 f5 6.d3 Nf6 7.Nge2 O-O 8.Rb1 a5 9.a3 c6
10.O-O Be6 11.b4 axb4 12.axb4 d5 13.c5 Nbd7 14.d4 e4 15.Bd2 Bf7 16.Qc2 g5
17.Ra1 Qe7 18.Rxa8 Rxa8 19.Qb2 b5 20.Ra1 Rf8 21.Ra7 Bh5 22.Qa2 Qe6 23.Ra8 Nb8
24.Qa7 Nfd7 25.Qc7 Bf3 26.Bf1 h5 27.Bh3 Qf7 28.Kf1 Qg6 29.Ke1 Bg4 30.Bf1 Qh6
31.Ra7 h4 32.Ng1 hxg3 33.hxg3 f4 34.exf4 Bxd4 35.Nce2 Bg7 36.fxg5 Qh2 37.Bf4 d4
38.Ra8 d3 39.Be3 dxe2 40.Nxe2 Qh1 41.Nf4 Be5 42.Qa5 Bc3+ 43.Bd2 Bxd2+ 44.Kxd2 Qxf1
45.Qa2+ Qc4 46.Qb2 Rxf4 47.gxf4 Qe2+ 48.Kc1 Qd1+  0-1

[Event "ch-WLS"]
[Site "Cardiff WLS"]
[Date "2008.03.22"]
[Round "3"]
[White "Davies,Ca"]
[Black "James,Dav"]
[Result "0-1"]
[WhiteElo "1857"]
[BlackElo "2198"]

1.c4 e5 2.g3 Nc6 3.Bg2 g6 4.Nc3 Bg7 5.e4 Nge7 6.Nge2 O-O 7.O-O d6 8.d3 f5
9.Nd5 Nxd5 10.cxd5 Ne7 11.Be3 c6 12.Qd2 cxd5 13.exd5 b6 14.Bh6 Bb7 15.Bxg7 Kxg7
16.d4 Bxd5 17.dxe5 Bxg2 18.Nf4 Bd5 19.Nxd5 dxe5 20.Rfd1 Qxd5 21.Qxd5 Nxd5
22.Rxd5 Rae8 23.Rc1 Rf7 24.a4 e4 25.a5 bxa5 26.Rxa5 Rb8 27.Rca1 Rbb7 28.Ra6 Rfc7
29.R1a2 Kf7 30.Kg2 Ke7 31.h4 Kf7 32.b4 Kg7 33.Kf1 Kh6 34.Ke2 Kh5 35.f3 exf3+
36.Kxf3 Rc3+ 37.Kf2 Rxb4 38.Rxa7 Kg4 39.R7a3 Rbb3 40.Rxb3 Rxb3 41.Ra4+ Kh3
42.Ra7 h5 43.Kg1 Rxg3+ 44.Kh1 Kxh4 45.Ra5 Rf3 46.Kg2 Rf4 47.Ra3 Rg4+ 48.Kh2 Kg5
49.Rf3 Re4 50.Rg3+ Kf6  0-1

[Event "FKB ch-USA Qualifier"]
[Site "Tulsa USA"]
[Date "2008.03.28"]
[Round "1"]
[White "Itkis,H"]
[Black "Andrews,T"]
[Result "0-1"]
[WhiteElo "2065"]
[BlackElo "2312"]

1.c4 e5 2.g3 d6 3.Bg2 Nf6 4.Nc3 g6 5.e4 Bg7 6.Nge2 Nc6 7.d3 O-O 8.O-O Nh5
9.f4 exf4 10.gxf4 f5 11.Be3 Kh8 12.Qd2 Nf6 13.Kh1 Ng4 14.Bg1 Be6 15.Nd5 Qd7
16.Rac1 Qf7 17.b4 Rae8 18.b5 Nd8 19.Qb4 fxe4 20.dxe4 c6 21.Ne3 c5 22.Qb3 Nxe3
23.Bxe3 Bg4 24.Ng3 h5 25.h3 Bc8 26.Rcd1 Qe7 27.Ne2 Bxh3 28.Bf3 Bxf1 29.Rxf1 Ne6
30.Qd3 Nd4 31.Nxd4 cxd4 32.Bd2 Qe6 33.Bg2 Rc8 34.Rc1 Qg4 35.Bh3 Qh4 36.Kg2 Rce8
37.Bd7 Re7 38.Rh1 Qf6 39.Bg4 Kg8 40.Bf3 Bh6 41.f5 Bxd2 42.Qxd2 Rg7  0-1

[Event "FKB ch-USA Qualifier"]
[Site "Tulsa USA"]
[Date "2008.03.29"]
[Round "5"]
[White "Itkis,H"]
[Black "Karagianis,P"]
[Result "1/2-1/2"]
[WhiteElo "2065"]
[BlackElo "2201"]

1.c4 e5 2.g3 Nc6 3.Bg2 g6 4.d3 Bg7 5.Nc3 Nge7 6.Nf3 O-O 7.O-O d6 8.Rb1 h6
9.b4 Be6 10.b5 Nd4 11.Nxd4 exd4 12.Nd5 Nf5 13.Bd2 Re8 14.Ba5 Bxd5 15.cxd5 b6
16.Bd2 a6 17.bxa6 Rxa6 18.a4 Qd7 19.Ra1 Rea8 20.a5 bxa5 21.Qa4 Qd8 22.Rfc1 h5
23.Rc4 R8a7 24.Qc2 Qe8 25.Bf3 Qb8 26.Rca4 Qb5 27.Rb1 Qd7 28.Qa2 Qe8 29.Qc4 Ne7
30.Bg5 Nc8 31.Qc1 Nb6 32.Ra3 a4 33.Bd2 Nd7 34.Bb4 Ne5 35.Bg2 Rb7 36.Bd2 Qb8
37.Rxb7 Qxb7 38.Qc2  1/2-1/2